A C++ primer for engineers: an object-oriented approach. / (Record no. 2502)
[ view plain ]
| 000 -LEADER | |
|---|---|
| fixed length control field | 01314nam a22001937a 4500 |
| 008 - FIXED-LENGTH DATA ELEMENTS--GENERAL INFORMATION | |
| fixed length control field | 121105t xxu||||| |||| 00| 0 eng d |
| 020 ## - INTERNATIONAL STANDARD BOOK NUMBER | |
| International Standard Book Number | 0079131409 |
| 050 ## - LIBRARY OF CONGRESS CALL NUMBER | |
| Classification number | QA76.73.P75 |
| 100 ## - MAIN ENTRY--PERSONAL NAME | |
| Personal name | Ponnambalam, K. |
| 245 ## - TITLE STATEMENT | |
| Title | A C++ primer for engineers: an object-oriented approach. / |
| Statement of responsibility, etc. | K. Ponnambalam and Tiuley Alguindigue |
| 260 ## - PUBLICATION, DISTRIBUTION, ETC. | |
| Place of publication, distribution, etc. | U.S.A.: |
| Name of publisher, distributor, etc. | McGraw Hill, |
| Date of publication, distribution, etc. | c1997. |
| 300 ## - PHYSICAL DESCRIPTION | |
| Extent | 293 p.: |
| Other physical details | ill |
| Dimensions | 23cm. |
| 500 ## - GENERAL NOTE | |
| General note | Includes index. |
| 505 ## - FORMATTED CONTENTS NOTE | |
| Formatted contents note | Contents: Problem solving using computers -- C++ programming basics -- Selection and repetitions -- Functions to aid modularity -- Arrays for grouping data of same type -- Structures to group data -- Encapulsating of data and functions in classes -- Inheritance to aid reusability -- Pointers to aid efficient implementation -- Miscellaneous topics in C++ -- Java for C++ programmers -- Appendix A: ASCII character set(character codes 0-127) -- Appendix B: C++ reserved words or keywords -- Appendix C: Some important header file and their uses -- Appendix D: Precedence and associativity of operators -- Appendix E: Software engineering -- Appendix F: Answers to selected review questions and exercises. |
| 650 ## - SUBJECT ADDED ENTRY--TOPICAL TERM | |
| Topical term following geographic name entry element | C++ (Computer program language) |
| 650 ## - SUBJECT ADDED ENTRY--TOPICAL TERM | |
| Topical term or geographic name entry element | Object-oriented programming (Computer science) |
| 700 ## - ADDED ENTRY--PERSONAL NAME | |
| Personal name | Alguindigue, Tiuly |
| 942 ## - ADDED ENTRY ELEMENTS (KOHA) | |
| Source of classification or shelving scheme | Library of Congress Classification |
| Koha item type | Books |
| Withdrawn status | Lost status | Source of classification or shelving scheme | Damaged status | Not for loan | Home library | Current library | Shelving location | Date acquired | Total Checkouts | Full call number | Barcode | Date last seen | Price effective from | Koha item type |
|---|---|---|---|---|---|---|---|---|---|---|---|---|---|---|
| Library of Congress Classification | WISCONSIN INTERNATIONAL UNIVERSITY COLLEGE, GHANA - MAIN LIBRARY | WISCONSIN INTERNATIONAL UNIVERSITY COLLEGE, GHANA - MAIN LIBRARY | Reference | 05/11/2012 | QA76.73.P75 | 6314/12 | 05/11/2012 | 05/11/2012 | Books |
